|
|
|
|
| LEADER |
01475cam a2200337 a 4500 |
| 001 |
0000057375 |
| 005 |
20080508090000.0 |
| 040 |
|
|
|a mod
|
| 041 |
|
|
|a eng
|
| 020 |
0 |
0 |
|a 9676111309
|
| 090 |
0 |
0 |
|a 658.3
|b MOH
|e 2001
|
| 100 |
0 |
0 |
|a Mohamad Yazam Sharif
|
| 245 |
1 |
0 |
|a Asas pengurusan sumber manusia
|b pendekatan proses
|c Mohamad Yazam Sharif
|
| 260 |
0 |
0 |
|a Kuala Lumpur
|b Utusan Publ. & Dist.
|c 2001
|
| 300 |
0 |
0 |
|a ix, 196ms.
|b ill.
|c 22cm
|
| 440 |
0 |
0 |
|a Siri pengurusan dan pentadbiran utusan
|
| 504 |
0 |
0 |
|
| 650 |
0 |
0 |
|a Employees
|
| 650 |
0 |
0 |
|a Manpower planning
|
| 650 |
0 |
0 |
|a Personnel management
|
| 999 |
|
|
|a 0188072
|b ATU
|d BOOKS
|e Umum
|f ATU
|j AVAILABLE
|q GOOD CONDITION
|
| 999 |
|
|
|a 0190815
|b KD Malaya
|d BOOKS
|e Umum
|f KD MALAYA
|j AVAILABLE
|q GOOD CONDITION
|
| 999 |
|
|
|a 0202783
|b KD Malaya
|d BOOKS
|e Umum
|f KD MALAYA
|j AVAILABLE
|q GOOD CONDITION
|
| 999 |
|
|
|a 0213609
|b 3 BGD
|d BOOKS
|e Umum
|f 3 BGD
|j AVAILABLE
|q GOOD CONDITION
|
| 999 |
|
|
|a 0217553
|b KD Malaya
|d BOOKS
|e Umum
|f KD MALAYA
|j AVAILABLE
|q GOOD CONDITION
|
| 999 |
|
|
|a 0218695
|b 10 BGD
|d BOOKS
|e Umum
|f 10 BGD
|j AVAILABLE
|q GOOD CONDITION
|
| 999 |
|
|
|a 0228705
|b KD Malaya
|d BOOKS
|e Umum
|f KD MALAYA
|j AVAILABLE
|q GOOD CONDITION
|
| 999 |
|
|
|a 0228706
|b KD Malaya
|d BOOKS
|e Umum
|f KD MALAYA
|j AVAILABLE
|q GOOD CONDITION
|
| 999 |
|
|
|a 0238766
|b KD Pelandok
|d BOOKS
|e Umum
|f KD PELANDOK
|j AVAILABLE
|q GOOD CONDITION
|
| 999 |
|
|
|a 0239314
|b 4 BGD
|d BOOKS
|e Umum
|f 4 BGD
|j AVAILABLE
|q GOOD CONDITION
|
| 999 |
|
|
|a 0265011
|b 3 DIV
|d BOOKS
|e Umum
|f 3 DIV
|j AVAILABLE
|q GOOD CONDITION
|